000 00614nam a22002057a 4500
003 OSt
005 20160422191045.0
008 160422b xxu||||| |||| 00| 0 eng d
020 _a1870425294
040 _cDDC.
082 _a330.96ALT 1991;
100 _aEdited by Suliman ,Mahamed;
_98211
245 _aAlternative Strategies For Africa.
_bEnvironment, Women.
250 _aVolume 2.
260 _aLondon,UK;
_bThe Institute of African Alternatives.
_c1991.
300 _a178p;
_bill;
_c20cm.
504 _aincludes notes,References and index.
650 _aAlternative Strategies.
_98212
942 _2ddc
_cSLOAN
999 _c3711
_d3711